Visual Basic 4 (Record no. 3077)

MARC details
000 -LEADER
fixed length control field 00392nam a2200157Ia 4500
008 - FIXED-LENGTH DATA ELEMENTS--GENERAL INFORMATION
fixed length control field 230312s9999||||xx |||||||||||||| ||und||
020 ## - INTERNATIONAL STANDARD BOOK NUMBER
International Standard Book Number 1-57169-007-7
082 ## - DEWEY DECIMAL CLASSIFICATION NUMBER
Classification number 005-265
Item number HAT-V
100 ## - MAIN ENTRY--PERSONAL NAME
Personal name Michael Hatmakes
245 #0 - TITLE STATEMENT
Title Visual Basic 4
260 ## - PUBLICATION, DISTRIBUTION, ETC.
Name of publisher, distributor, etc. Waite Group Press
Place of publication, distribution, etc. USA
Date of publication, distribution, etc. 1995
300 ## - PHYSICAL DESCRIPTION
Extent 1067
546 ## - LANGUAGE NOTE
Language note Eng.
650 ## - SUBJECT ADDED ENTRY--TOPICAL TERM
Topical term or geographic name entry element Computer
Form subdivision Anipush button, gouge, graph
942 ## - ADDED ENTRY ELEMENTS (KOHA)
Koha item type BOOK
Holdings
Withdrawn status Lost status Source of classification or shelving scheme Damaged status Not for loan Home library Current library Date acquired Total Checkouts Full call number Barcode Date last seen Price effective from Koha item type
    Dewey Decimal Classification     Superior Information Resource Center (SIRC) Superior University- Main Campus Superior Information Resource Center (SIRC) Superior University- Main Campus 03/13/2023   005-265 HAT-V 3090 03/13/2023 03/13/2023 BOOK

Powered by Koha